| 000 | 01237nam a22002537a 4500 | ||
|---|---|---|---|
| 003 | OSt | ||
| 005 | 20140310181914.0 | ||
| 008 | 130715t xxu||||| |||| 00| 0 eng d | ||
| 020 | _a9781412953399 | ||
| 050 |
_aLB 1592 _b.G822 2008 |
||
| 082 |
_aTR 371.2 _bG823 2008 |
||
| 100 |
_aGregory, Gayle _9178 |
||
| 245 |
_aActivities for the differentiated classroom / _cGayle H. Gregory, Carolyn Chapman. |
||
| 260 |
_aThousand Oaks, Calif : _bCorwin Press Classroom, _cc2008. |
||
| 300 |
_a96 p. : _bill. ; _c28 cm. |
||
| 520 | _aCorrelated to national academic standards, offers activities to supplement differentiated lessons in mathematics, science, social studies, language arts, physical education, art, and music. These ready-to-use tasks can be immediately incorporated into lesson plans, and each activity features objectives, materials lists, helpful tips on conducting the activity, and reproducibles. | ||
| 521 | _aFaculty | ||
| 541 | _j1 | ||
| 562 | _e1 | ||
| 650 |
_aEducation, Elementary _xActivity programs. _9179 |
||
| 650 |
_aEnglish language _xStudy and teaching (Primary) _xActivity programs. _9180 |
||
| 650 |
_aMathematics _xStudy and teaching (Primary) _xActivity programs. _9181 |
||
| 942 |
_2lcc _cBK-TR _kTR |
||
| 999 |
_c6645 _d6645 |
||